Pays ayant participé à la Coupe du Monde de Rugby - Statistiques

Statistiques générales
  • Ce quiz a été pris 86 445 fois
    25 899 depuis la dernière actualisation
  • Le résultat moyen est 19 sur 27
Statistiques - réponses
Pays Record % Correct
France Finale
100%
Nouvelle-Zélande Victoire
98%
Angleterre Victoire
96%
Afrique du Sud Victoire
94%
Australie Victoire
94%
Italie Poules
94%
Irlande 1/4
93%
Écosse 1/2
88%
Argentine 1/2
87%
Espagne Poules
87%
États-Unis Poules
86%
Japon 1/4
84%
Pays de Galles 1/2
82%
Portugal Poules
81%
Fidji 1/4
79%
Canada 1/4
78%
Samoa 1/4
67%
Russie Poules
66%
Tonga Poules
65%
Chili Poules
53%
Namibie Poules
53%
Uruguay Poules
52%
Géorgie Poules
50%
Roumanie Poules
46%
Zimbabwe Poules
21%
Côte d'Ivoire Poules
13%
Hong Kong Poules *
11%
Aucun quiz correspondant
Distribution des résultats
% des personnes avec chaque résultat
Percentile par nombre de réponses
Votre historique - résultats
Vous n’avez pas pris ce quiz depuis la dernière actualisation